| 000 | 00410cam a2200181ua 4500 | ||
|---|---|---|---|
| 020 | _c2.00 | ||
| 041 |
_ahin _h |
||
| 082 |
_a891.54 _bYES/ME |
||
| 100 | _aYesh, . | ||
| 245 |
_aMem puchtha hum / _cYesh. _hTextual Documents |
||
| 250 |
_a1 / _b. |
||
| 260 |
_aDelhi : _bRajpal and sanch , _c1961. |
||
| 300 | _a101 ; . | ||
| 365 | _a2.00 | ||
| 504 | _a | ||
| 942 | _cBK | ||
| 999 |
_c12728 _d12728 |
||